000 00292nam a22001217a 4500
008 180806b xxu||||| |||| 00| 0 eng d
082 _a813.52
245 _aSPSS Integrated Student Version 16.0
_cWadsworth
260 _c2008
300 _a1
_fCD
440 _x9780495598275
942 _2ddc
_cMX
999 _c46874
_d46874